000 00565nam a2200217Ia 4500
003 OSt
005 20220924153521.0
006 a|||||r|||| 00| 0
007 ta
008 220923b |||||||| |||| 00| 0 hin d
024 _a350480
037 _cTextual
040 _aARTS
_cARTS
_bhin
041 _2hin
_ahin
082 _aO152, N8
100 _aBhatnagar Ram Swaroop Ed.
_9229016
245 0 _aDarshik samasyayein
_b tatva mimansa
260 _c1998
942 _hO152, N8
_cTEXL
_2CC
999 _c473841
_d473841